00769 a2200205 4500010001400000020002300014035001300037037001500050082000800065090001700073100002000090245007700110260004800187270011300235300002200348700002000370942002300390999001700413952013300430 aENG-89578 a8125922091c140.00 aEN-73111 bDBAD / PUB14a004 c11180d111801 aAggarwal, Meera1 aLog on to computer applications 9/cby Meera Aggarwal and Manjeet Jauhar aNew DelhibMadhuban Educational Booksc2003 a576, Masjid Road, Jangpura,bNew Delhie110 014cDelhi :k0120-4078900l0120-4078999minfo@madhubunbooks.com a322p.c24cm (pbk) aJauhar, Manjeet adplcENk 004/ AGG c10874d10874 00102ddc40718NFICaDBADbDBADeDBAD/PUBg140.00l0o004 AGGpEN-73111r2008-09-15 00:00:00t1u11975v140.00w2008-09-15yEN